Szczegóły MARC21

Alfabet szczecińskiej piłki ręcznej /

003 -Nazwa inst., której nr kontr. jest w polu 001 [,]
    • @
    • Nazwa instytucji, której n kontrolny jest w polu 001
    • NUKAT
005 -DATA I CZAS OSTATNIEJ MODYFIKACJI [,]
    • @
    • pole kontrolne
    • 20250529085056.0
020 -Międzynarod. znormalizowany nr książki - ISBN [ , ]
    • a
    • Numer ISBN
    • 9788388398964 Find
    • q
    • Dopowiedzenie
    • (oprawa miękka)
    • z
    • Błędny ISBN (P)
    • 8388398962 Find
040 -Instytucja sporządzająca opis [ , ]
    • a
    • Instytucja, która sporządziła opis (NP)
    • SZCZ U/MJ
    • b
    • Język katalogowania
    • pol
    • e
    • Zasady katalogowania
    • rda
    • c
    • Instytucja, która sporządziła rekord (NP)
    • SZCZ U/MJs
942 -Rodzaj dokumentu [ , ]
    • c
    • Rodzaj dokumentu
    • Książka
100 -Hasło główne - nazwa osobowa [1, ]
    • a
    • Nazwa osobowa (NP)
    • Dolata, Andrzej.
    • e
    • Rodzaj współpracy
    • Autor
    • 9
    • KHW
    • 725968
245 -Strefa tytułu i oznaczenia odpowiedzialności [1,0]
    • a
    • Tytuł
    • Alfabet szczecińskiej piłki ręcznej / Find
    • c
    • Pozostałe elementy strefy tytułu i oznaczenia odpowiedzialności (NP)
    • Andrzej Dolata.
250 -Strefa wydania [ , ]
    • a
    • Oznaczenie wydania (NP)
    • Wydanie I.
260 -Strefa adresu wydawniczego [ , ]
    • a
    • Miejsce wydania (P)
    • Szczecin :
    • b
    • Nazwa wydawcy (P)
    • Zakład Usług Poligraficznych i Wydawniczych s.c. Plewnia Jacek, Plewnia Maria,
    • c
    • Data wydania (P)
    • 2024.
300 -Strefa opisu fizycznego [ , ]
    • a
    • Określenie formy książki i/lub objętość (NP)
    • 258 stron :
    • b
    • Oznaczenie ilustracji (NP)
    • ilustracje ;
    • c
    • Format (NP)
    • 24 cm.
336 -Typ zawartości [ , ]
    • a
    • Termin opisujący typ zawartości
    • Tekst
    • b
    • Kod określający zawartość
    • txt
    • 2
    • Źródło (terminu i kodu)
    • rdacontent
337 -Typ mediów [ , ]
    • a
    • Tryb odtwarzania
    • Bez urządzenia pośredniczącego
    • b
    • Kod typu mediów
    • n
    • 2
    • Źródło (terminu i kodu)
    • rdamedia
338 -Typ/rodzaj nośnika [ , ]
    • a
    • Hasło opisujące typ nośnika
    • Wolumin
    • b
    • Kod typu nośnika
    • nc
    • 2
    • Źródło (terminu i kodu)
    • rdacarrier
500 -Uwaga ogólna [ , ]
    • a
    • Uwaga ogólna (NP)
    • W książce błędny ISBN, prawidłowy podany według BNPol online.
504 -Uwaga dot. bibliogr. załącznikowej [ , ]
    • a
    • Uwaga dot. bibliografii załącznikowej
    • Indeks.
650 -Hasło przedmiotowe [ ,7]
    • a
    • Hasło przedmiotowe
    • Piłka ręczna
    • z
    • Określnik geograficzny
    • Polska
    • z
    • Określnik geograficzny
    • Szczecin (region)
    • y
    • Określnik chronologiczny
    • 1945-.
    • 2
    • Źródło terminu
    • kaba
    • 9
    • KHW
    • 726011
650 -Hasło przedmiotowe [ ,7]
    • a
    • Hasło przedmiotowe
    • Piłkarki (piłka ręczna).
    • 2
    • Źródło terminu
    • kaba
    • 9
    • KHW
    • 726018
650 -Hasło przedmiotowe [ ,7]
    • a
    • Hasło przedmiotowe
    • Piłkarze (piłka ręczna).
    • 2
    • Źródło terminu
    • kaba
    • 9
    • KHW
    • 172693
650 -Hasło przedmiotowe [ ,7]
    • a
    • Hasło przedmiotowe
    • Trenerzy (sport)
    • z
    • Określnik geograficzny
    • Polska
    • z
    • Określnik geograficzny
    • Szczecin
    • y
    • Określnik chronologiczny
    • 1945-
    • v
    • Określnik formalny
    • biografie.
    • 2
    • Źródło terminu
    • kaba
    • 9
    • KHW
    • 656243
650 -Hasło przedmiotowe [ ,7]
    • a
    • Hasło przedmiotowe
    • Sędziowie sportowi.
    • 2
    • Źródło terminu
    • kaba
    • 9
    • KHW
    • 221700
650 -Hasło przedmiotowe [ ,7]
    • a
    • Hasło przedmiotowe
    • Działacze sportowi.
    • 2
    • Źródło terminu
    • kaba
    • 9
    • KHW
    • 726017
650 -Hasło przedmiotowe [ ,7]
    • a
    • Hasło przedmiotowe
    • Kluby sportowe
    • z
    • Określnik geograficzny
    • Polska
    • y
    • Określnik chronologiczny
    • 1945-.
    • 2
    • Źródło terminu
    • kaba
    • 9
    • KHW
    • 726013
650 -Hasło przedmiotowe [ ,7]
    • a
    • Hasło przedmiotowe
    • Obiekty sportowe
    • z
    • Określnik geograficzny
    • Polska.
    • 2
    • Źródło terminu
    • kaba
    • 9
    • KHW
    • 725984
710 -Hasło dodatkowe - nazwa ciała zbiorowego [2, ]
    • a
    • Nazwa ciała zbiorowego lub nazwa geograficzna jako pierwszy element (NP)
    • Zakład Usług Poligraficznych i Wydawniczych Plewnia Jacek, Plewnia Maria.
    • e
    • Rodzaj współpracy
    • Wydawca
    • 4
    • Kod relacji
    • pbl
    • 9
    • KHW
    • 725959
920 -ISBN [ , ]
    • a
    • ISBN
    • 978-83-88398-96-4 (oprawa miękka) Find
    • z
    • Błędny ISBN
    • 83-88398-96-2 Find
Data inwentaryzacji Lokalizacja Status udost. Numer inwentarzowy Sygnatura
2025-03-27BM1WF.11181Sport na Pomorzu Zachodnim 39